[Event "Sigeman & Co"]
[Site "Malmo"]
[Date "1997.06.16"]
[Round "7"]
[White "Hector, Jonny"]
[Black "Cramling, Pia"]
[Result "0-1"]
[WhiteElo "2500"]
[BlackElo "2545"]

1.e4 c5 2.Nf3 e6 3.d4 cxd4 4.Nxd4 Nc6 5.Nc3 Qc7 6.Be3 a6 7.Bd3 Nf6 8.O-O Ne5
9.h3 Bc5 10.Kh1 d6 11.f4 Ng6 12.Qf3 O-O 13.Rae1 b5 14.f5 Ne5 15.Qg3 Qb6 16.Nce2 Nxd3
17.cxd3 e5 18.Bh6 Nh5 19.Qg4 Bxd4 20.Nxd4 exd4 21.Qxh5 gxh6 22.e5 dxe5 23.f6 Kh8
24.Qxh6 Rg8 25.Rxe5 Bb7 26.Rf2 Rg6 27.Qh4 h6 28.Re7 Bd5 29.Qf4 Rc8 30.h4 Qc6
31.Kh2 Qc1 32.Qxd4 Qc5 33.Qxc5 Rxc5 34.Re5 b4 35.g3 Rb5 36.Rc2 Rxf6 37.Rc8+ Kh7
38.Ree8 Rf2+ 39.Kg1 Rg2+ 40.Kf1 Rxb2  0-1

[Event "Skolernes Skakklub"]
[Site "Aarhus"]
[Date "1997.06.20"]
[Round "1"]
[White "Hellers, Ferdinand"]
[Black "Hansen, Curt"]
[Result "1/2-1/2"]
[WhiteElo "2585"]
[BlackElo "2605"]

1.e4 c5 2.Nf3 e6 3.d4 cxd4 4.Nxd4 Nc6 5.Nc3 a6 6.Be2 Nge7 7.O-O Nxd4 8.Qxd4 Nc6
9.Qd3 Qc7 10.Bg5 Bd6 11.Kh1 b5 12.Rad1 Bf4 13.Bxf4 Qxf4 14.g3 Qc7 15.f4 O-O
16.Bf3 f6 17.a4 b4 18.Nd5 Qa7 19.Ne3 a5 20.Rfe1 Nd8 21.Qd4 Nb7 22.Qxa7 Rxa7
23.Nc4 Nc5 24.b3 Bb7 25.Kg2 Bxe4 26.Bxe4 Nxe4 27.Rxe4 d5 28.Red4 dxc4 29.Rxc4 Kf7
30.Kf3 Re8 31.Rc5 Ree7 32.Rd4 Rec7 33.Rdc4 Rxc5 34.Rxc5 Ke7 35.Ke4  1/2-1/2

[Event "RUS-Cup9"]
[Site "Novgorod"]
[Date "1997.06.20"]
[Round "8"]
[White "Kharitonov, Sergei"]
[Black "Nadezhdin, Dmitry"]
[Result "0-1"]
[WhiteElo "2090"]
[BlackElo "2210"]

1.e4 c5 2.Nf3 e6 3.d4 cxd4 4.Nxd4 Nc6 5.Nc3 a6 6.Be3 Nge7 7.Nb3 Na5 8.Na4 Nec6
9.Bb6 Qh4 10.Bd3 Nxb3 11.axb3 Be7 12.O-O O-O 13.f4 d6 14.Qd2 e5 15.f5 Nd4
16.Bxd4 exd4 17.Nb6 Rb8 18.Nd5 Bd7 19.Rf4 Bg5 20.Rxh4 Bxd2 21.Rd1 Ba5 22.Rf1 Bd8
23.f6 g6 24.g4 Be6 25.g5 Bxd5 26.exd5 Re8 27.Kg2 Re5 28.Kh3 Rxg5 29.Rxd4 Re5
30.c4 Bb6 31.Re4 Rbe8 32.Rfe1 Rxe4 33.Rxe4 Rxe4 34.Bxe4 a5 35.Kg4 h6 36.Kf4 Bd4
37.Bf3  0-1

[Event "Yopal"]
[Site "Yopal"]
[Date "1997.06.22"]
[Round "3"]
[White "Zapata, Alonso"]
[Black "Gamboa, Nelson"]
[Result "1/2-1/2"]
[WhiteElo "2515"]
[BlackElo "2415"]

1.e4 c5 2.Nf3 Nc6 3.d4 cxd4 4.Nxd4 e6 5.Nc3 Qc7 6.Be2 a6 7.O-O Nf6 8.Kh1 Be7
9.f4 d6 10.a4 O-O 11.Be3 Bd7 12.Nb3 b6 13.Bf3 Rab8 14.g4 Bc8 15.g5 Nd7 16.Bg2 Re8
17.Qg4 Nc5 18.Rad1 Nb4 19.Qe2 Bf8 20.Qf2 Bd7 21.Rd4 Nc6 22.Rd2 Nxb3 23.cxb3 b5
24.axb5 axb5 25.f5  1/2-1/2

[Event "Schahin Cury"]
[Site "Americana"]
[Date "1997.07.08"]
[Round "1"]
[White "Zapata, Alonso"]
[Black "Vescovi, Giovanni"]
[Result "0-1"]
[WhiteElo "2505"]
[BlackElo "2480"]

1.e4 c5 2.Nf3 e6 3.d4 cxd4 4.Nxd4 Nc6 5.Nc3 Qc7 6.g3 a6 7.Bg2 Nf6 8.O-O Bc5
9.Bf4 e5 10.Nb3 exf4 11.Nxc5 d6 12.Nd3 fxg3 13.hxg3 Be6 14.Nd5 Bxd5 15.exd5 Ne7
16.c4 O-O 17.Rc1 Rad8 18.Re1 b6 19.Nb4 a5 20.Nc6 Rde8 21.Qd4 Ng6 22.a3 a4
23.Rxe8 Rxe8 24.Qd1 h5 25.Qxa4 h4 26.Qb3 Qc8 27.Qc3 Qg4 28.b3 Nh5 29.Bf3 Qh3
30.Bxh5 hxg3 31.fxg3 Nf4 32.Bxf7+ Kxf7 33.Qf3 g5 34.Rf1 Re3  0-1

[Event "Politiken Cup"]
[Site "Copenhagen"]
[Date "1997.07.09"]
[Round "5"]
[White "Hector, Jonny"]
[Black "Eriksson, Anders"]
[Result "1-0"]
[WhiteElo "2470"]
[BlackElo "2300"]

1.e4 c5 2.Nf3 e6 3.d4 cxd4 4.Nxd4 Nc6 5.Nc3 a6 6.Be3 Nge7 7.Nb3 d6 8.Qd2 b5
9.a4 b4 10.Na2 Rb8 11.Be2 Ng6 12.O-O Qc7 13.c3 bxc3 14.Qxc3 Qb7 15.Nd2 Bd7
16.b4 Nxb4 17.Nxb4 Qxb4 18.Qd3 Qa5 19.Rfb1 Rxb1+ 20.Rxb1 Ne5 21.Rb8+ Ke7
22.Qb1 Qxa4 23.f4 Nc6 24.Rb7 Na5 25.Ra7 Qa3 26.Kf2 g5 27.Rxa6 Qc3 28.e5 d5
29.Qb6 f6 30.Qd6+ Kf7 31.Qxd7+  1-0

[Event "Oberwart op"]
[Site "Oberwart"]
[Date "1997.07.11"]
[Round "7"]
[White "Zelcic, Robert"]
[Black "Kobalija, Mihail"]
[Result "0-1"]
[WhiteElo "2455"]
[BlackElo "2545"]

1.e4 c5 2.Nf3 e6 3.d4 cxd4 4.Nxd4 Nc6 5.Nc3 Qc7 6.Be2 Nf6 7.O-O a6 8.Kh1 Nxd4
9.Qxd4 Bc5 10.Qd3 h5 11.f4 Ng4 12.e5 d5 13.exd6 Qxd6 14.Qg3 f5 15.Bxg4 hxg4
16.Be3 Bd7 17.Rad1 Qc6 18.Rd3 Rh3 19.Qe1 O-O-O 20.Bxc5 Rxd3 21.Be7 Rd4 22.Qe3 Qc4
23.Kg1 Bb5 24.Nxb5 Rd1 25.Re1 axb5 26.Bxd8 Rxe1+ 27.Qxe1 Qd4+ 28.Qf2 Qd1+
29.Qf1 Qd4+ 30.Kh1 Qxd8 31.Qe1 Qd6 32.b3 Kd7 33.Qf1 Qd5 34.a3 Kd6 35.Qc1 Qd4
36.Qf1 Qd2 37.c4 bxc4 38.bxc4 Kc5 39.h3 g3 40.Qb1 Kxc4 41.a4 Kc3 42.Qa1+ Kd3
43.Qb1+ Kc3 44.Qa1+ Kb3 45.Qf1 Kb2 46.Qb5+ Kc1 47.Qc4+ Qc2  0-1

[Event "Oberwart op"]
[Site "Oberwart"]
[Date "1997.07.12"]
[Round "8"]
[White "Votava, Jan"]
[Black "Kunz, Konstantin"]
[Result "1-0"]
[WhiteElo "2530"]
[BlackElo "2295"]

1.e4 c5 2.Nf3 e6 3.d4 cxd4 4.Nxd4 Nc6 5.Nc3 d6 6.g3 Nf6 7.Bg2 Nxd4 8.Qxd4 Qc7
9.O-O Bd7 10.a4 a6 11.a5 Bc6 12.Bg5 Be7 13.Na4 h6 14.Be3 O-O 15.Nb6 Rad8
16.c4 Ng4 17.Bc1 Bf6 18.Qd1 Ne5 19.Be3 Qe7 20.Qe2 Nd7 21.Rad1 Nxb6 22.Bxb6 Rc8
23.Rd3 Rfe8 24.b3 Qf8 25.Qd2 Be7 26.Rd1 Kh8 27.Re3 Bg5 28.f4 Be7 29.Kh1 Qg8
30.Qe2 Qh7 31.Qh5 Kg8 32.h3 Kf8 33.Kh2 Kg8 34.Rf1 Rf8 35.h4 Rce8 36.Qe2 Rc8
37.Rd1 g5 38.Bh3 Qg7 39.Bd4 Bf6 40.Bxf6 Qxf6 41.e5 dxe5 42.hxg5 Qg6 43.Rxe5 h5
44.f5 Qxg5 45.fxe6 f5 46.e7  1-0

[Event "Canadian op"]
[Site "Winnipeg"]
[Date "1997.07.13"]
[Round "3"]
[White "Shabalov, Alexander"]
[Black "Vukadinov, Milan"]
[Result "1-0"]
[WhiteElo "2585"]
[BlackElo "2140"]

1.e4 c5 2.Nf3 Nc6 3.d4 cxd4 4.Nxd4 e6 5.Nc3 Qc7 6.Be2 a6 7.a3 Nf6 8.f4 Nxd4
9.Qxd4 Bc5 10.Qd3 d6 11.Bf3 Bd7 12.g4 h6 13.g5 hxg5 14.fxg5 Nh5 15.g6 fxg6
16.Bg5 O-O 17.O-O-O Nf4 18.Bxf4 Rxf4 19.h4 Raf8 20.Be2 Be8 21.Kb1 a5 22.Qh3 Qe7
23.Bg4 R8f6 24.Rhe1 Bc6 25.e5 dxe5 26.Rxe5 Rxg4 27.Qxg4 Bf3 28.Qc4 Bd6 29.Rxd6 Qxd6
30.Rxa5 Kh7 31.Ne4 Bxe4 32.Qxe4 b6 33.Re5 Kg8 34.Ka2 Kf7 35.Qb7+ Kg8 36.Qe4 Kf7
37.Rb5 Kg8 38.Qe3 Qc6 39.Qb3 Qh1 40.Rxb6 Rf1 41.Qxe6+ Kh7 42.Qxg6+  1-0

[Event "Politiken Cup"]
[Site "Copenhagen"]
[Date "1997.07.14"]
[Round "9"]
[White "Hector, Jonny"]
[Black "Salov, Sergei"]
[Result "0-1"]
[WhiteElo "2470"]
[BlackElo "2275"]

1.e4 c5 2.Nf3 Nc6 3.Nc3 e6 4.d4 cxd4 5.Nxd4 Qc7 6.Be3 a6 7.Bd3 Nf6 8.O-O Bd6
9.f4 Nxd4 10.e5 Nc6 11.exf6 gxf6 12.Qh5 Be7 13.f5 Ne5 14.Rad1 b5 15.Be4 Bb7
16.Bd4 O-O-O 17.Bxb7+ Qxb7 18.fxe6 fxe6 19.Bxe5 fxe5 20.Qxe5 Rhg8 21.Ne4 Rg4
22.Rd4 Rdg8 23.g3 Qc7 24.Qxc7+ Kxc7 25.Rf7 R8g7 26.Rxg7 Rxg7 27.Rd3 d5 28.Nc3 Bf6
29.Kg2 Kc6 30.Rf3 Rg6 31.Kf2 b4 32.Nd1 e5 33.Rf5 e4 34.Ke2 Bd4 35.c3 bxc3
36.bxc3 Bg1 37.Ne3 Bxe3 38.Kxe3 Kc5 39.Rf7 Rh6 40.h4 Rg6 41.Rc7+ Kd6 42.Rxh7 Rxg3+
43.Kd2 Rg2+ 44.Ke3 Rc2 45.Rh6+ Kc5 46.Rxa6 Rxc3+ 47.Kf4 Rf3+ 48.Kg4 d4 49.Re6 Kd5
50.Re8 d3 51.h5 Rf6 52.Kg5 Rd6 53.h6 Rd7 54.Kf4 d2 55.h7 d1=Q 56.h8=Q Qf3+
57.Kg5 Qg3+ 58.Kh5 e3 59.Ra8 Qh3+ 60.Kg5 Qxh8 61.Rxh8 Re7 62.Kf6 Re5 63.Ra8 Re4
64.Kf5 Re7 65.Kf6 Rd7 66.Ra5+ Kd4 67.Ke6 Rd8 68.Ke7 Rd5 69.Ra4+ Kd3 70.Ra6 e2  0-1

[Event "Politiken Cup"]
[Site "Copenhagen"]
[Date "1997.07.14"]
[Round "9"]
[White "Bromman, Thorbjorn"]
[Black "Ferenc, Janusz"]
[Result "1/2-1/2"]
[WhiteElo "2235"]
[BlackElo "2290"]

1.e4 c5 2.Nf3 e6 3.d4 cxd4 4.Nxd4 Nc6 5.Nc3 a6 6.Nxc6 bxc6 7.Bd3 d5 8.O-O Nf6
9.Kh1 Be7 10.f4 dxe4 11.Nxe4 g6 12.b3 Qd4 13.c3 Qb6 14.Bb2 O-O 15.c4 Nxe4
16.Bxe4 Bb7 17.f5 exf5 18.Bxf5 c5 19.Bc2 Qc6 20.Rf2 Bh4 21.Re2 Rae8 22.Qf1 Rxe2
23.Qxe2 Re8 24.Qf1 Qe6 25.Bd3 Qg4 26.Qg1 Re3 27.Bf1 Qe4 28.Rd1 f5 29.Rd7 Be7
30.Rxb7 Re1 31.Rb8+ Kf7 32.Rh8 Qb1 33.Rxh7+ Ke6 34.Rxe7+ Kxe7 35.Qxc5+ Kf7
36.Qd5+ Re6 37.Qd7+ Re7 38.Qd5+ Re6  1/2-1/2

[Event "Wch U20"]
[Site "Zagan"]
[Date "1997.07.14"]
[Round "1"]
[White "Movsesian, Sergei"]
[Black "Kelly, Bryan"]
[Result "1/2-1/2"]
[WhiteElo "2555"]
[BlackElo "2390"]

1.e4 c5 2.Nf3 e6 3.Nc3 Nc6 4.d4 cxd4 5.Nxd4 d6 6.Be3 Nf6 7.f4 a6 8.Qf3 Qc7
9.O-O-O Be7 10.Rg1 Rb8 11.g4 Nd7 12.g5 b5 13.Bd3 Nc5 14.Kb1 b4 15.Nce2 Bd7
16.Nxc6 Qxc6 17.Nd4 Qb7 18.f5 exf5 19.Nxf5 Bxf5 20.Bxc5 dxc5 21.Qxf5 O-O
22.Bc4 g6 23.Qf4 Rbd8 24.Bd5 Qb8 25.e5 Qc7 26.h4 Kg7 27.Rh1 Qc8 28.e6 f6
29.h5 fxg5 30.Qh2 Qb8 31.Qh3 g4 32.Qxg4 Qf4 33.Qe2 Qf5 34.h6+ Kh8 35.Rhf1 Qg5
36.Bb3 Rxd1+ 37.Rxd1 Qxh6 38.Qxa6 Qh5 39.Re1 Qh4 40.Qe2 Qd4 41.Rd1 Qf6 42.Bc4 Qg5
43.Rd5 Qg1+ 44.Rd1 Qg5 45.Rd5 Qg1+ 46.Rd1 Qg5 47.Rd5 Qg1+  1/2-1/2

[Event "Wch U20"]
[Site "Zagan"]
[Date "1997.07.14"]
[Round "1"]
[White "Putka, Verner"]
[Black "Stojanovic, Mihajlo"]
[Result "1/2-1/2"]
[WhiteElo "2220"]
[BlackElo "2470"]

1.Nf3 c5 2.e4 e6 3.d4 cxd4 4.Nxd4 Nc6 5.Nc3 Qc7 6.Be3 a6 7.Bd3 Nf6 8.O-O Bd6
9.f4 Nxd4 10.e5 Nc6 11.exf6 gxf6 12.Qh5 f5 13.Bxf5 Qa5 14.Bg4 Qxh5 15.Bxh5 Bb4
16.f5 d5 17.fxe6 Bxe6 18.Bb6 O-O 19.Rad1 Ne7 20.a3 Bd6 21.Bf3 Be5 22.Bc5 Rfe8
23.Nxd5 Nxd5 24.Bxd5 Rac8 25.b4 b6 26.Bxb6 Rxc2 27.Bxe6 Rxe6 28.Bc5 Ra2 29.Rf3 Kg7
30.Rdf1 Rf6 31.g3 Kg6 32.R1f2 Ra1+ 33.Kg2 Rxf3 34.Rxf3 Bb2 35.Rf2 Be5 36.Rf3 Bb2
37.Rf2 Be5 38.Rc2 f6 39.Kh3 h5 40.Kg2 Rxa3 41.b5 Ra5 42.b6 Kf5 43.Be7 Rb5
44.Bd8 Bd4 45.Rc6 a5 46.Rc4 Bxb6 47.Bxb6  1/2-1/2

[Event "Wch U20"]
[Site "Zagan"]
[Date "1997.07.17"]
[Round "4"]
[White "Socko, Bartosz"]
[Black "Rowson, Jonathan"]
[Result "1/2-1/2"]
[WhiteElo "2435"]
[BlackElo "2490"]

1.e4 c5 2.Nf3 e6 3.d4 cxd4 4.Nxd4 Nc6 5.Nc3 d6 6.Be3 Nf6 7.f3 Be7 8.Qd2 O-O
9.O-O-O a6 10.g4 Nxd4 11.Bxd4 b5 12.h4 Bb7 13.Kb1 Rc8 14.g5 Nd7 15.g6 fxg6
16.Bh3 e5 17.Be3 Rxf3 18.Bg4 Rf8 19.h5 gxh5 20.Rxh5 Nf6 21.Be6+ Kh8 22.Bxc8 Qxc8
23.Bg5 Nxh5 24.Bxe7 Re8 25.Qxd6 Nf4 26.Bh4 Ng6 27.Bg5 Kg8 28.Rg1 Qe6 29.Qd2 Nh8
30.Nd5 Bxd5 31.exd5 Qd6 32.b3 Ng6 33.Be3 b4 34.Rg4 a5 35.a3 Rb8 36.Rc4 Ne7
37.Rc5 Nf5 38.Rxa5 Nxe3 39.Qxe3 bxa3 40.Qc5 Qxc5 41.Rxc5 Kf7 42.Rc7+ Kf6
43.Rc6+ Kf5 44.Rc7 Kf6 45.Rc6+ Kf5 46.Rc7 g5 47.Rxh7 g4 48.d6 Rd8 49.d7 Kg6
50.Rh4 Kg5 51.Rh7 e4 52.c4 e3 53.c5 e2 54.Re7 g3 55.Rxe2 Rxd7 56.Ka2 Ra7
57.Rc2 Rh7 58.Kxa3 Rh2 59.Rc1 g2 60.Rg1 Kf6 61.Kb4 Ke7 62.Kb5 Kd8 63.Kb6 Rh6+
64.Kb7 Rh7+ 65.Kb6 Rh6+ 66.c6 Rh4 67.c7+ Kc8 68.Rxg2 Rb4+ 69.Kc6 Rc4+ 70.Kb5 Rxc7
71.Rg6 Kb7 72.b4 Rh7 73.Ka5 Rh5+ 74.b5 Rh7  1/2-1/2

[Event "Wch U20 Girls"]
[Site "Zagan"]
[Date "1997.07.17"]
[Round "4"]
[White "Darchia, Diana"]
[Black "Medvegy, Nora"]
[Result "0-1"]
[WhiteElo "2120"]
[BlackElo "2275"]

1.e4 c5 2.Nf3 e6 3.d4 cxd4 4.Nxd4 Nc6 5.Nc3 Qc7 6.Nxc6 dxc6 7.f4 e5 8.f5 g6
9.g4 Be7 10.Ne2 h5 11.Ng3 Bh4 12.Bg2 hxg4 13.Qxg4 Nf6 14.Qf3 gxf5 15.exf5 Bd7
16.Be3 e4 17.Qf4 Bxg3+ 18.hxg3 Rxh1+ 19.Bxh1 Qxf4 20.Bxf4 Bxf5 21.O-O-O Nd5
22.Rf1 Bg6 23.Bg2 Kf8 24.c4 Nxf4 25.Rxf4 Re8 26.Kd2 Kg7 27.Ke3 Kh6 28.g4 Kg5
29.c5 Rd8 30.Bf1 Rd1 31.Rf2 Rc1 32.b3 Rc3+ 33.Kd4 Rf3 34.Rxf3 exf3 35.Ke3 Kxg4
36.b4 Bc2 37.b5 Ba4 38.b6 axb6 39.cxb6  0-1

[Event "Komercni Banka op"]
[Site "Pardubice"]
[Date "1997.07.18"]
[Round "2"]
[White "Shadrina, Tatiana"]
[Black "Surjadnji, Aleksej"]
[Result "1-0"]
[WhiteElo "2280"]
[BlackElo "2440"]

1.e4 c5 2.Nf3 e6 3.d4 cxd4 4.Nxd4 Nc6 5.Nc3 Qc7 6.g3 a6 7.Bg2 Nf6 8.O-O Be7
9.Re1 O-O 10.Nxc6 dxc6 11.e5 Rd8 12.Bd2 Nd5 13.Qg4 Nxc3 14.Bxc3 c5 15.Rad1 Bd7
16.Rd6 Rab8 17.Be4 Be8 18.Red1 b5 19.b3 a5 20.h4 b4 21.Bb2 f5 22.exf6 Bxd6
23.fxg7 Qf7 24.Rd3 h5 25.Qg5 Be7 26.Qh6  1-0

[Event "Komercni Banka op"]
[Site "Pardubice"]
[Date "1997.07.18"]
[Round "2"]
[White "Kotek, Daniel"]
[Black "Gavrilov, Alexei"]
[Result "0-1"]
[WhiteElo "2305"]
[BlackElo "2445"]

1.e4 c5 2.Nf3 e6 3.d4 cxd4 4.Nxd4 Nc6 5.Nc3 Qc7 6.Be2 a6 7.Be3 Nf6 8.O-O Bb4
9.Na4 O-O 10.c4 Bd6 11.g3 Nxe4 12.Bf3 f5 13.Bxe4 fxe4 14.c5 Be7 15.Qg4 Qe5
16.Rfd1 h5 17.Qg6 Rf7 18.Nb6 Bxc5 19.Nxc6 bxc6 20.Nxa8 Rf6 21.Qe8+ Rf8 22.Qg6 Rf6
23.Qg5 Qxg5 24.Bxg5 Bxf2+ 25.Kg2 Rf5 26.Rf1 e3 27.Bxe3 Bxe3 28.Rxf5 c5 29.Rf3 Bb7
30.Rd1 Bxa8 31.Rxd7 Kh7 32.Rd6 Bd4 33.b4 e5 34.Rxa6 Be4 35.h4 cxb4 36.Ra4 g5
37.hxg5 Kg6 38.Rxb4 Kxg5 39.Rxd4 exd4 40.Kf2 Bxf3 41.Kxf3 d3 42.a4 d2 43.Ke2 Kg4
44.a5 Kxg3 45.a6  0-1

[Event "Wch U20"]
[Site "Zagan"]
[Date "1997.07.18"]
[Round "5"]
[White "Macieja, Bartlomiej"]
[Black "Ivanisevic, Ivan"]
[Result "1/2-1/2"]
[WhiteElo "2470"]
[BlackElo "2540"]

1.e4 c5 2.Nf3 e6 3.d4 cxd4 4.Nxd4 Nc6 5.Nc3 Qc7 6.Be3 a6 7.Bd3 b5 8.Nxc6 Qxc6
9.O-O Bb7 10.a3 Nf6 11.Qe2 h5 12.h3 Rc8 13.f4 Bc5 14.Bxc5 Qxc5+ 15.Kh1 h4
16.Qf2 Qxf2 17.Rxf2 Ke7 18.Re1 Rc5 19.Kh2 Nh5 20.Nb1 Rhc8 21.Nc3 Ng3 22.Na2 Rh8
23.Nc1 Rh6 24.Nb3 Rc7 25.Nd4 Nh5 26.Ne2 Rc5 27.Kg1 f6 28.Kh2 Rh8 29.Ref1 g5
30.b4 Rc7 31.fxg5 fxg5 32.e5 Rcc8 33.Rf7+ Kd8 34.Bg6 Kc7 35.Nd4 Bd5 36.Bxh5 Rxh5
37.Rg7 g4 38.Rxg4 Rxe5 39.Rxh4 Rg8 40.Rf2 Reg5 41.g4 Re5 42.Rh7 Re3 43.Rff7 Rd8
44.Re7 Re1 45.Nb3 Kd6 46.Nc5 Bc6 47.h4 a5 48.g5 a4 49.Ref7 Re2+ 50.Kg3 Rxc2
51.Kg4 Ra2 52.Rf1 Rxa3 53.Rd1+ Ke5 54.Nxd7+ Rxd7 55.Rdxd7 Bf3+ 56.Kg3 Bc6+
57.Kg4 Bf3+ 58.Kg3 Bc6+ 59.Kg4 Bf3+  1/2-1/2

[Event "Komercni Banka op"]
[Site "Pardubice"]
[Date "1997.07.19"]
[Round "3"]
[White "Khamatgaleev, Alexej"]
[Black "Jansa, Vlastimil"]
[Result "0-1"]
[WhiteElo "2380"]
[BlackElo "2480"]

1.e4 c5 2.Nf3 e6 3.d4 cxd4 4.Nxd4 Nc6 5.Nc3 a6 6.Nxc6 bxc6 7.Bd3 d5 8.O-O Nf6
9.e5 Nd7 10.Re1 c5 11.Qh5 Bb7 12.Bg5 Be7 13.Bxe7 Qxe7 14.b3 h6 15.f4 O-O
16.Rad1 c4 17.bxc4 dxc4 18.Be4 Nc5 19.Bxb7 Qxb7 20.Rb1 Qa7 21.Kh1 Rfd8 22.Red1 Rab8
23.Rxd8+ Rxd8 24.Rd1 Qb6 25.h3 Rxd1+ 26.Qxd1 Qb2 27.Qd2 Nd3 28.Ne4 Nb4 29.Nd6 c3
30.Qd4 Nxc2 31.Qe4 Ne1  0-1

[Event "Komercni Banka op"]
[Site "Pardubice"]
[Date "1997.07.19"]
[Round "3"]
[White "Moroz, Alexander"]
[Black "Orsag, Miroslav"]
[Result "1-0"]
[WhiteElo "2485"]
[BlackElo "2140"]

1.e4 c5 2.Nf3 Nc6 3.Nc3 e6 4.d4 cxd4 5.Nxd4 d6 6.Be2 Nf6 7.O-O Be7 8.Be3 O-O
9.f4 a6 10.a4 Qc7 11.Kh1 Re8 12.Bg1 Nxd4 13.Qxd4 e5 14.Qd3 exf4 15.Rxf4 Be6
16.Raf1 Rac8 17.Qg3 d5 18.Bd4 Red8 19.exd5 Bxd5 20.Nxd5 Rxd5 21.c4 Rdd8 22.a5 Rd7
23.Qh3 Re8 24.Bd3 b6 25.Bc2 Bd8 26.Qc3 Qc6 27.Qd3 Re6 28.b4 g6 29.Qd1 Qxc4
30.Bb3 Qc6 31.Ba4 Qd6 32.Bxd7 Nxd7 33.Rxf7 Bf6 34.R7xf6 Nxf6 35.Qb3 Ng4 36.g3 Ne5
37.Bxe5 Qxe5 38.Rc1 Qe4+ 39.Kg1 Qe3+ 40.Qxe3 Rxe3 41.Rc7 Rb3 42.Rb7 Rb2 43.b5  1-0

[Event "Wch U20 Girls"]
[Site "Zagan"]
[Date "1997.07.19"]
[Round "6"]
[White "Sergeeva, Maria"]
[Black "Medvegy, Nora"]
[Result "1-0"]
[WhiteElo "2165"]
[BlackElo "2275"]

1.e4 c5 2.Nf3 e6 3.d4 cxd4 4.Nxd4 Nc6 5.Nc3 Qc7 6.Be2 Nf6 7.a3 a6 8.Be3 Be7
9.f4 d6 10.O-O O-O 11.Kh1 Re8 12.Qe1 Bd7 13.Qg3 b5 14.Rad1 Kh8 15.e5 Ng8
16.Ne4 dxe5 17.fxe5 Qxe5 18.Bf4 Qxe4 19.Bf3 Qxd4 20.Rxd4 Nxd4 21.Bxa8 Rxa8
22.Qd3 Bf6 23.c3 e5 24.Bg3 Be6 25.cxd4 Bc4 26.Qe4 Rd8 27.Rd1 exd4 28.h3 d3
29.Qc6 a5 30.Bc7 Rc8 31.Qb7 Re8 32.b3 Bxb3 33.Rxd3 Re1+ 34.Kh2 Bc4 35.Rd2 a4
36.Qb8 h6 37.Bg3 Re3 38.Qd6 Be7 39.Qd4 Re6 40.Rf2 Bf6 41.Qa7 Re7 42.Qc5 Rd7
43.Bd6 Bg5 44.Rf3 Rd8 45.Bf4 Bf6 46.Qc7 Rd1 47.Qb8 Rd8 48.Qc7 Rd1 49.Be5 Bh4
50.Rf4 Be7 51.Rg4 f6 52.Bg3 Rd2 53.Bf4 Rd5 54.Qb8 Rd8 55.Qc7 Rd5 56.Bg3 Rd2
57.Qa7 Bd5 58.Bf4 Re2 59.Qd4 Bc4 60.Bd6 Bxd6+ 61.Qxd6 Ne7 62.Qd1 Re3 63.Qd2 Re2
64.Qd7 Kh7 65.Rd4 Ng6 66.Qf5 Re5 67.Qc2 Re2 68.Qb1 h5 69.Rd7 Kh6 70.Rd8 Re5
71.Qc1+ Kh7 72.Qc2 Re2 73.Qf5 Re5 74.Qb1 Kh6 75.Rd4 Re2 76.Kg1 Ne5 77.Qc1+ Kh7
78.Qd1  1-0

[Event "Wch U20"]
[Site "Zagan"]
[Date "1997.07.19"]
[Round "6"]
[White "Blanco, Cristobal J"]
[Black "Bae, Torstein"]
[Result "1-0"]
[WhiteElo "2090"]
[BlackElo "2200"]

1.e4 c5 2.Nf3 e6 3.d4 cxd4 4.Nxd4 Nc6 5.Nc3 a6 6.g3 Nge7 7.Nde2 Ng6 8.Bg2 Be7
9.O-O O-O 10.a4 Qc7 11.Nf4 Nxf4 12.Bxf4 d6 13.Qd2 Ne5 14.b3 b6 15.Ne2 Bb7
16.c4 Bc6 17.Nd4 Bb7 18.h3 Nd7 19.Be3 Nc5 20.Qc2 Rac8 21.Rac1 Qb8 22.b4 Nd7
23.Rfd1 Rc7 24.Bf4 Ne5 25.Qe2 Rfc8 26.c5 bxc5 27.bxc5 Rxc5 28.Rxc5 Rxc5 29.Nb3 Rc3
30.Na5 Bc8 31.Bd2 Rc2 32.f4 Nd7 33.Qd3 Qb6+ 34.Kh2 Qc5 35.Nb3 Qc4 36.Qe3 Qxa4
37.Ra1 Ra2 38.Qc3 Nc5 39.Rb1 Ra3 40.Nxc5 dxc5 41.Qe5 Qd7 42.Bc1 Ra2 43.Rb8 f6
44.Qc3 Bd6 45.Rb1 Qa4 46.Bb2 Bf8 47.f5 Qb4 48.Qc1 exf5 49.exf5 Bxf5 50.Bd5+ Kh8
51.Bxa2 Bd6 52.Qe1 Qb8 53.Rd1 h5 54.Rxd6 Qxd6 55.Qe8+ Kh7 56.Qxh5+  1-0

[Event "Canadian op"]
[Site "Winnipeg"]
[Date "1997.07.20"]
[Round "10"]
[White "Stefansson, Hannes"]
[Black "Vukadinov, Milan"]
[Result "1-0"]
[WhiteElo "2545"]
[BlackElo "2140"]

1.e4 c5 2.Nf3 Nc6 3.d4 cxd4 4.Nxd4 e6 5.Nc3 Qc7 6.Be2 a6 7.O-O Nf6 8.Be3 Bb4
9.Nxc6 bxc6 10.Na4 Be7 11.Bd3 c5 12.c4 Bb7 13.Nc3 d6 14.f4 Nd7 15.Qh5 g6
16.Qh3 f5 17.Bf2 Nf6 18.Rae1 O-O 19.Bh4 Rae8 20.Bg5 Bd8 21.Qh4 fxe4 22.Nxe4 Nxe4
23.Bxe4 Bxe4 24.Rxe4 Bxg5 25.Qxg5 Rf5 26.Qg3 Qb7 27.Qd3 d5 28.Re2 Qc6 29.Rfe1 dxc4
30.Qxc4 Kf7 31.Re4 Qd6 32.Qc3 Rd5 33.Qh3 Rh5 34.Qf3 Rd5 35.h4 h5 36.R1e3 Rd1+
37.Kh2 Rd4 38.Re5 Kg7 39.Qg3 Qe7 40.Rxh5 Kf8 41.f5 Qd6 42.Qxd6+ Rxd6 43.fxg6  1-0

[Event "Wch U20"]
[Site "Zagan"]
[Date "1997.07.21"]
[Round "7"]
[White "Li Shilong"]
[Black "Stojanovic, Mihajlo"]
[Result "1-0"]
[WhiteElo "2335"]
[BlackElo "2470"]

1.e4 c5 2.Nf3 e6 3.d4 cxd4 4.Nxd4 Nc6 5.Nc3 Qc7 6.Be2 a6 7.O-O Nf6 8.Be3 Bb4
9.Na4 O-O 10.Nxc6 bxc6 11.c4 Be7 12.Bf3 d6 13.c5 d5 14.Nb6 Rb8 15.Qa4 dxe4
16.Bxe4 Nd5 17.Bxd5 cxd5 18.Rac1 Rd8 19.Bd2 Bb7 20.c6 Bc5  1-0

[Event "Wch U20"]
[Site "Zagan"]
[Date "1997.07.24"]
[Round "10"]
[White "Florean, Andrei"]
[Black "Kelly, Bryan"]
[Result "1-0"]
[WhiteElo "2445"]
[BlackElo "2390"]

1.e4 c5 2.Nf3 e6 3.Nc3 Nc6 4.d4 cxd4 5.Nxd4 d6 6.Bc4 Nf6 7.Bb3 Be7 8.Be3 O-O
9.f3 a6 10.Qd2 Qc7 11.g4 Nd7 12.O-O-O Nc5 13.Kb1 Nxd4 14.Bxd4 b5 15.g5 Bd7
16.Rhg1 Rfc8 17.h4 Bf8 18.h5 b4 19.Ne2 Nxb3 20.cxb3 e5 21.Be3 g6 22.hxg6 hxg6
23.Rh1 a5 24.Nf4 Bc6 25.Qh2 Bg7 26.Nd5 Bxd5 27.Rxd5 Qe7 28.Qd2 Rc6 29.Rc1 Rxc1+
30.Qxc1 Qd7 31.Qd1 Ra6 32.Qd3 Qc6 33.Qc4 Qb7 34.Rb5 Qa8 35.Qc7 Bf8 36.Rb8 Qc6
37.Qd8  1-0

[Event "Wch U20"]
[Site "Zagan"]
[Date "1997.07.25"]
[Round "11"]
[White "Gershon, Alik"]
[Black "Stojanovic, Mihajlo"]
[Result "0-1"]
[WhiteElo "2420"]
[BlackElo "2470"]

1.e4 c5 2.Nf3 e6 3.d4 cxd4 4.Nxd4 Nc6 5.Nc3 Qc7 6.Nb3 a6 7.Bd3 b5 8.a3 Nf6
9.f4 d6 10.Qf3 Be7 11.Be3 Bb7 12.O-O b4 13.axb4 Nxb4 14.Qh3 d5 15.e5 Ne4
16.f5 exf5 17.Qxf5 O-O 18.Bd4 Nxd3 19.cxd3 Nxc3 20.Bxc3 Bc8 21.Qh5 Be6 22.Nd4 Bc5
23.Kh1 Bxd4 24.Bxd4 Qc2 25.Rf3 Qe2 26.Qg5 h6 27.Qh4 Kh7 28.Re1 Qd2 29.Be3 Qxb2
30.g4 d4 31.Bc1 Qb7 32.Re4 Bd5 33.g5 Bxe4 34.dxe4 Rac8 35.Bd2 Rc2 36.Rf2 Rc6
37.gxh6 gxh6 38.Rf6 Rxf6 39.exf6 Qb1+ 40.Kg2 Rg8+  0-1

[Event "Credis"]
[Site "Biel"]
[Date "1997.07.28"]
[Round "7"]
[White "Gallagher, Joseph G"]
[Black "Kobalija, Mihail"]
[Result "1/2-1/2"]
[WhiteElo "2525"]
[BlackElo "2495"]

1.e4 c5 2.Nf3 e6 3.d4 cxd4 4.Nxd4 Nc6 5.Nc3 Qc7 6.Be2 a6 7.O-O Nf6 8.Kh1 Nxd4
9.Qxd4 Bc5 10.Qd3 h5 11.Bg5 Ng4 12.f4 f6 13.Bh4 b5 14.e5 f5 15.Nd5 exd5 16.Qxf5 Qc6
17.e6 dxe6 18.Qg6+ Kf8 19.f5 Rh6 20.fxe6+ Kg8 21.Rf8+ Bxf8 22.Qf7+ Kh8 23.Qxf8+ Kh7
24.Bd3+ Rg6 25.Bxg6+ Kxg6 26.Qf7+ Kh7 27.Qf5+ Kg8 28.Qf7+ Kh7 29.Qf5+ Kg8
30.Qf7+  1/2-1/2

[Event "RUS-Cup10"]
[Site "Tomsk"]
[Date "1997.07.28"]
[Round "7"]
[White "Kotsur, Pavel"]
[Black "Landa, Konstantin"]
[Result "1-0"]
[WhiteElo "2500"]
[BlackElo "2560"]

1.e4 c5 2.Nf3 e6 3.d4 cxd4 4.Nxd4 Nc6 5.Nc3 Qc7 6.a3 a6 7.Be2 Nf6 8.O-O Nxd4
9.Qxd4 Bd6 10.Kh1 b5 11.Qd3 Bf4 12.Bxf4 Qxf4 13.g3 Qc7 14.f4 Bb7 15.Bf3 d6
16.Rad1 O-O-O 17.a4 b4 18.Na2 Qb6 19.c3 b3 20.Nc1 Nd7 21.a5 Qxa5 22.Nxb3 Qa4
23.Nd2 Nc5 24.Qe3 Nb3 25.Nxb3 Qxb3 26.Rd4 Rd7 27.Rb4 Qa2 28.Qb6 Rhd8 29.Rd1 h5
30.Rxd6  1-0

[Event "Montecatini Terme op"]
[Site "Montecatini Terme"]
[Date "1997.08.03"]
[Round "3"]
[White "Pantaleoni, Claudio"]
[Black "Wiese, Hans Joachim"]
[Result "0-1"]
[WhiteElo "2235"]
[BlackElo "2185"]

1.e4 c5 2.Nf3 Nc6 3.d4 cxd4 4.Nxd4 e6 5.Nc3 a6 6.Be3 Nge7 7.Nb3 Ng6 8.g3 d6
9.h4 Be7 10.h5 Nf8 11.Qg4 Bf6 12.O-O-O Qc7 13.f4 Nd7 14.e5 dxe5 15.Ne4 Nb4
16.Rh2 Nd5 17.Bd2 O-O 18.Bd3 Be7 19.Ng5 f5 20.Qe2 N7f6 21.Qxe5 Qxe5 22.fxe5 Ng4
23.Re2 Nb4 24.Bc4 Bxg5 25.Bxg5 b5 26.Bd3 Bb7 27.Be7 Nxd3+ 28.Rxd3 Rfe8 29.Rd7 Bf3
30.Re1 Bc6 31.Rc7 Rec8 32.Rxc8+ Rxc8 33.Nc5 Kf7 34.Bd6 Ra8 35.Re2 Bf3 36.Re1 Bd5
37.a3 Nf2 38.Re3 g5 39.hxg6+ hxg6 40.Rc3 g5 41.Nd7 Rh8 42.Nf6 Rh1+ 43.Kd2 Ne4+
44.Nxe4 Bxe4 45.Rc7+ Kg6 46.Bf8 Rg1 47.g4 fxg4 48.Ke3 Bd5 49.Rg7+ Kf5 50.Be7 Re1+
51.Kf2 Rxe5 52.Rxg5+ Kf4 53.Rg7 Rf5 54.Bb4 Bf3 55.Rg6 e5 56.Bd2+ Ke4 57.Rxa6 Rh5
58.Bc3 Rh2+ 59.Kg3 Rh3+ 60.Kf2 g3+  0-1

[Event "BCF-ch"]
[Site "Hove"]
[Date "1997.08.04"]
[Round "1"]
[White "Adams, Michael"]
[Black "Sheldon, Ruth"]
[Result "1-0"]
[WhiteElo "2680"]
[BlackElo "2295"]

1.e4 c5 2.Nf3 e6 3.d4 cxd4 4.Nxd4 Nc6 5.Nc3 Qc7 6.Be3 a6 7.Qd2 Nf6 8.f3 Be7
9.g4 d6 10.O-O-O O-O 11.g5 Nd7 12.h4 b5 13.g6 Nf6 14.gxh7+ Kxh7 15.Nxc6 Qxc6
16.Bd3 Kh8 17.Rdg1 b4 18.Bh6 Rg8 19.e5 g6 20.exf6 bxc3 21.Qg5  1-0